Регионална библиотека "Любен Каравелов" - Русе

Български народни орнаменти (Запис номер 372660)

MARC детайли
000 -Лидер
Контролно поле с фиксирана дължина 02000nam a2200433 c 4500
003 - Код на организацията, давaща контролен номер
Контролно поле BLK
005 - Дата и час на последна редакция
Контролно поле 20250618155502.0
008 - Елементи от данни с фиксирана дължина
fixed length control field 180409b bul|||||r ||||||| ||bul||
010 ## - Наследен системен номер
LC control number KNG00120752000
020 ## - Международен стандартен номер на книга ISBN
Международен стандартен номер на книга ISBN 9786190105152
040 ## - Източник на каталожния запис
Идентификатор на билиотеката - собственик на записа BLK
041 ## - Код за език
Код за езика на текст/звукозапис или на отделно заглавие Български
Код за езика КДБФ Български
080 ## - УДК
Текстов определител УДК Художествени ръкоделия
УДК код - определител по УДК 746
УДК определител (497.2)
УДК - код + определител 746(497.2)
080 ## - УДК
Текстов определител УДК Художествени тъкани. Текстилно изкуство
УДК код - определител по УДК 745.52
УДК определител .016(497.2)
УДК - код + определител 745.52.016(497.2)
100 ## - Редна дума - Автор
Автор Попов, Кирил Георгиев
Авторска отговорност първи автор
R(LIN) 372880
139 ## - Редно поле
Редна дума Попов, Кирил Георгиев
Авторски знак Попов - П 76
245 10 - Сведения за заглавието
Заглавие Български народни орнаменти
Подзаглавни данни Везба, плетива, тъкани, рисунки
Редно поле (дума) Кирил Попов.
250 ## - Област на изданието
Сведения за изданието 2. прераб. изд.
257 ## - Страна на издаване
Страна на създаване/издаване България
260 ## - Област на издателските данни
Име на издателя, разпространителя и проч. Изток-Запад
Година на издаване 2020
9 (RLIN) 210881
Място на издаване, разпространение и проч. София
Издателство - префикс ISBN 978-619-01- ; 978-619-152- ; 978-954-321- ; 954-8945-
300 ## - Физическа характеристика
Страници 168 с.
Илюстрации и др. с ил.
Размери/Мащаб 25 см
380 ## - Жанр
Жанр Изкуство
500 ## - Общи забележки
Забележка Загл. и на англ. ез.: Bulgarian folk patterns. Загл. и на нем. ез.: Ornamente in bulgarischen Handarbeiten. - Кирил Попов - будуване във високия текст на изкуството / Станислав Памукчиев: с. 7-10. - 1. изд. 1986 на изд. Бълг. художник<br/>Рез. на англ., нем. ез.
650 #4 - Допълнително описание по предмет – тема
Основно описание – тема или топоним Тъкани, художествени
9 (RLIN) 270976
651 #4 - Допълнително описание по предмет - топоним
Географско понятие България
9 (RLIN) 241624
653 ## - Ключова дума – ненормативна
Ключова дума везба
653 ## - Ключова дума – ненормативна
Ключова дума художествени тъкани
653 ## - Ключова дума – ненормативна
Ключова дума бродерия
653 ## - Ключова дума – ненормативна
Ключова дума шевици
852 ## - Местоположение
Форматна сигнатура Цб 300455
856 4# - Електронен адрес и достъп
Електронен формат pdf - файл
856 4# - Електронен адрес и достъп
Електронен формат pdf - файл
999 ## - СИСТЕМНИ КОНТРОЛНИ НОМЕРА
Koha biblionumber 372660
Koha biblioitemnumber 372660
942 ## - АРТИКУЛИ
Вид на библиотечния материал Книги
Скрит в OPAC Не
Koha issues (borrowed), all copies 19
Периодичен библиозапис Да
944 ## - СЪЗДАВАНЕ И РЕДАКЦИЯ на ЗАПИСА
Създаване/Редакция Създаване
Дата на регистрацията/редакция 12.01.2011
Статус, дата на статуса Русанова Ирена
Служител, извършил регистрацията/редакцията 30542
944 ## - СЪЗДАВАНЕ И РЕДАКЦИЯ на ЗАПИСА
Създаване/Редакция Редакция
Дата на регистрацията/редакция 03.08.2015
Статус, дата на статуса добави в АБ / 11.01.2011
Служител, извършил регистрацията/редакцията Ирена_Линкова
999 ## - СИСТЕМНИ КОНТРОЛНИ НОМЕРА
Koha biblioitemnumber 372660
999 ## - СИСТЕМНИ КОНТРОЛНИ НОМЕРА
Koha biblioitemnumber 372660
999 ## - СИСТЕМНИ КОНТРОЛНИ НОМЕРА
Koha biblioitemnumber 115275
Наличности
Код за отписване Код за изгубен артикул Източник на класификационната схема Код за повреда Коз за рестрикции Код за отдаване Артикулен № Име на библиотеката - собственик Име на библиотеката, в която се намира в момента Статус (Текущо местоположение) Дата на вписване в системата Местоположение - отдел Цена в лева Систематично азбучна сигнатура Баркод Цена в евро Служебен тип на артикула
  Не е изгубен Universal Decimal Classification Не е повреден без рестрикции ползва се в читалня 781228 Регионална библиотека "Любен Каравелов" Русе Регионална библиотека "Любен Каравелов" Русе Хранилище 2020-07-06 Хранилище 20.00 Цб 300455 120000845423 10.23 Книги
  Не е изгубен Universal Decimal Classification Не е повреден без рестрикции заемане за дома 799367 Регионална библиотека "Любен Каравелов" Русе Регионална библиотека "Любен Каравелов" Русе Отдел Изкуство - подръчен фонд 2020-09-17 Отдел Изкуство - подръчен фонд 14.00 746/П 76 К 120000846611 7.16 Книги
Vip Innovations Ltd, Rousse, Bulgaria 2025